Sports Quiz

Random Sports or NFL Quiz

NFL Better with Age (QBs) Quiz Stats

 Plays Quiz Updated Jan 2, 2019

Score 0/48 Timer 03:00
2 Plays Today
Yardage QB % Correct
5,477Peyton Manning (37)
99.4%
4,727Peyton Manning (38)
99.3%
4,299Eli Manning (37)
99.2%
4,827Tom Brady (35)
99%
4,027Eli Manning (35)
99%
4,770Tom Brady (38)
98.9%
4,577Tom Brady (40)
98.9%
4.355Tom Brady (41)
98.8%
4,343Tom Brady (36)
98.8%
4,109Tom Brady (37)
98.8%
3,554Tom Brady (39)
98.7%
4,659Peyton Manning (36)
98.2%
3,992Drew Brees (39)
97.5%
4,870Drew Brees (36)
97.5%
4,334Brew Brees (38)
97.3%
5,208Drew Brees (37)
97.2%
4,088Brett Favre (35)
96.7%
4,202Brett Favre (40)
96.7%
4,155Brett Favre (38)
96.7%
3,885Brett Favre (37)
96.7%
3.881Brett Favre (36)
95.8%
4,952Drew Brees (35)
93.5%
4,308Philip Rivers (37)
92.5%
4,515Philip Rivers (36)
91.1%
Yardage QB % Correct
4,583Kurt Warner (37)
90.5%
3,753Kurt Warner (38)
90.5%
5,129Ben Roethlisberger (36)
90.2%
4,386Philip Rivers (35)
90%
3,970John Elway (35)
89.3%
3,635John Elway (37)
89.3%
4,671Carson Palmer (36)
89.1%
4,170Steve Young (37)
88.6%
4,233Carson Palmer (37)
88.3%
4,251Ben Roethlisberger (35)
87%
4,690Warren Moon (35)
84.2%
4,264Warren Moon (38)
84.1%
4,228Warren Moon (39)
84.1%
3,678Warren Moon (41)
84.1%
3,780Dan Marino (36)
83.7%
4,689Rich Gannon (37)
76.8%
3,828Rich Gannon (36)
76.8%
3,732Vinny Testaverde (37)
66.5%
3,586Roger Staubach (37)
64.6%
3,811Brad Johnson (35)
61.6%
3,704Randall Cunningham (35)
55.1%
4,014Trent Green (35)
53.8%
4,068Jon Kitna (35)
51.1%
3,730Steve Beuerlein (35)
19.7%

You're not logged in!

Compare scores with friends on all Sporcle quizzes.
OR
Log In

Show Comments

Extras

Top Quizzes Today


Score Distribution

Your Account Isn't Verified!

In order to create a playlist on Sporcle, you need to verify the email address you used during registration. Go to your Sporcle Settings to finish the process.

Report this User

Report this user for behavior that violates our Community Guidelines.

Details: